| 000 | 01393nam a22003615a 4500 | ||
|---|---|---|---|
| 003 | OSt | ||
| 005 | 20231105131228.0 | ||
| 008 | 170703s2013 ua grb 000 0 ara d | ||
| 017 | _a2012 / 9475 | ||
| 020 | _a9772089491 | ||
| 040 |
_aBUEsh _bara _dBUEsh |
||
| 043 | _af-ua--- | ||
| 082 | 0 | 4 |
_a962 _bد ي ب _222 |
| 100 | 1 | _aديب، كريمة حسن. | |
| 245 | 1 | 0 |
_aتاريخ مصر : _bمن عصر مينا إلى ثورة 25 يناير 2011 م / _cكريمة حسن الديب. |
| 250 | _aط. 1. | ||
| 260 |
_aالقاهرة : _bمكتبة مدبولي، _c2013. |
||
| 300 |
_a327 ص.؛ _c24 سم. |
||
| 490 | 0 |
_aصفحات من تاريخ مصر ؛ _v63 |
|
| 504 | _aيشتمل على إرجاعات ببليوجرافية. | ||
| 590 | _aسامح | ||
| 650 | _2BUEsh | ||
| 651 | 7 |
_aمصر _xتاريخ _yثورة، 2011. _2BUEsh |
|
| 651 | 7 |
_aمصر _xتاريخ _yعصر صدر الإسلام، 610-661. _2BUEsh |
|
| 651 | 7 |
_aمصر _xتاريخ _yالعصر الأيوبي، 1171-1250. _2BUEsh |
|
| 651 | 7 |
_aمصر _xتاريخ _yالعصر الفرعوني، 2980-2475 ق. م. _2BUEsh |
|
| 651 | 7 |
_aمصر _xتاريخ _yالاحتلال الفرنسي، 1798-1801. _2BUEsh |
|
| 653 |
_bGGEN _bBUSBOL _cJuly2017 |
||
| 942 |
_2ddc _hRDA-MOD |
||
| 999 |
_c24971 _d24943 |
||
| 336 |
_2rdacontent _aنص _btxt |
||
| 337 |
_aبدون وسيط _2rdamedia _bn |
||
| 338 |
_aمجلد _bnc _2rdacarrier |
||